000 00697cam a22002415a 4500
001 84690
003 BD-RjUL
005 20250216140826.0
008 110111s2009 pk 000 0 urd
035 _a(BD-RjUL)84690
040 _aDLC
_cDLC
_beng
041 _aurd
082 _223
100 1 _aرضوی، کمال احمد , ;; Rizvi, Kamal Ahmed
_915006
245 1 0 _a‏سواد شام /‏ Savād-i shām /
_cکمال احمد رضوی ;;Kamal Ahmed Rizvi
260 _aLahore :
_bکتاب منزل katab mazil ,
_c1953
300 _a378 p. ;
_c18 cm.
500 _aPoems.
500 _a"Majmūʻah-yi kalām"--Cover.
650 _aPoem
942 _2ddc
_cBK
999 _c84690
_d84690